| 000 | 00502nam a2200181Ia 4500 | ||
|---|---|---|---|
| 003 | GCL | ||
| 008 | 140319s9999 xx 000 0 eng d | ||
| 040 |
_aGCL / _cGCL |
||
| 082 | 0 | 4 |
_a843 _bN L |
| 100 | 1 | _aNABOKOV, VLADIMIR | |
| 245 | 1 | 0 |
_aLITTERATURESI: AUSTEN DICKENS FLAUBERT STEVENSON PROUST KAFKKKA JOYCE / _cNABOKOV, VLADIMIR |
| 700 | 1 | _aPASQUIER, HELONE | |
| 260 |
_a[S.N] : _bFAYARD ، _c1985 |
||
| 300 | _a551 P | ||
| 650 | 0 | 4 | _aLITERATURE |
| 650 | 0 | 4 | _aFRENCH LITERATURE |
| 942 |
_2ddc _cBK |
||
| 999 |
_c24766 _d24766 |
||